<?xml version="1.0" encoding="UTF-8"?><?xml-stylesheet type="text/xsl" href="static/style.xsl"?><OAI-PMH xmlns="http://www.openarchives.org/OAI/2.0/" xmlns:xsi="http://www.w3.org/2001/XMLSchema-instance" xsi:schemaLocation="http://www.openarchives.org/OAI/2.0/ http://www.openarchives.org/OAI/2.0/OAI-PMH.xsd"><responseDate>2026-06-06T04:54:37Z</responseDate><request verb="GetRecord" identifier="oai:riuma.uma.es:10630/14186" metadataPrefix="marc">https://riuma.uma.es/rest/oai/request</request><GetRecord><record><header><identifier>oai:riuma.uma.es:10630/14186</identifier><datestamp>2026-02-03T12:03:20Z</datestamp><setSpec>com_10630_2254</setSpec><setSpec>col_10630_37959</setSpec></header><metadata><record xmlns="http://www.loc.gov/MARC21/slim" xmlns:dcterms="http://purl.org/dc/terms/" xmlns:doc="http://www.lyncode.com/xoai" xmlns:xsi="http://www.w3.org/2001/XMLSchema-instance" xsi:schemaLocation="http://www.loc.gov/MARC21/slim http://www.loc.gov/standards/marcxml/schema/MARC21slim.xsd">
   <leader>00925njm 22002777a 4500</leader>
   <datafield ind2=" " ind1=" " tag="042">
      <subfield code="a">dc</subfield>
   </datafield>
   <datafield ind2=" " ind1=" " tag="720">
      <subfield code="a">Cremades-García, Raúl</subfield>
      <subfield code="e">author</subfield>
   </datafield>
   <datafield ind2=" " ind1=" " tag="720">
      <subfield code="a">Carriscondo-Esquivel, Francisco M.</subfield>
      <subfield code="e">author</subfield>
   </datafield>
   <datafield ind2=" " ind1=" " tag="720">
      <subfield code="a">Guerrero-Salazar, Susana</subfield>
      <subfield code="e">author</subfield>
   </datafield>
   <datafield ind2=" " ind1=" " tag="260">
      <subfield code="c">2017-07-10</subfield>
   </datafield>
   <datafield ind2=" " ind1=" " tag="520">
      <subfield code="a">En esta mesa redonda se trataron, entre otras, las siguientes cuestiones: -La necesidad del impulso de programas estables de fomento de la lectura y mejora de competencias lingüísticas para el alumnado universitario.&#xd;
-La contribución de la universidad a aumentar los índices lectores y el dominio de la lengua de la población en general.&#xd;
-Criterios que deberían guiar los programas de colaboración entre las instituciones públicas y las entidades o asociaciones de la sociedad civil.&#xd;
-La necesidad de que las entidades públicas y las organizaciones privadas compartan el mismo concepto teórico y práctico de animación a la lectura.&#xd;
-Algunos proyectos concretos de colaboración entre la Universidad de Málaga y la Fundación Alonso Quijano (Seminario de lengua española y medios de comunicación; y Proyecto Lengua y Prensa).</subfield>
   </datafield>
   <datafield ind1="8" ind2=" " tag="024">
      <subfield code="a">http://hdl.handle.net/10630/14186</subfield>
   </datafield>
   <datafield ind1="8" ind2=" " tag="024">
      <subfield code="a">http://orcid.org/0000-0001-9265-6071</subfield>
   </datafield>
   <datafield tag="653" ind2=" " ind1=" ">
      <subfield code="a">Español</subfield>
   </datafield>
   <datafield ind2="0" ind1="0" tag="245">
      <subfield code="a">La contribución de la sociedad civil al fomento de la lectura y el apoyo de la universidad</subfield>
   </datafield>
</record>
</metadata></record></GetRecord></OAI-PMH>